| 000 | 00730nam a2200253Ia 4500 | ||
|---|---|---|---|
| 999 |
_c49861 _d49861 |
||
| 001 | 16796 | ||
| 003 | GE_BSU | ||
| 005 | 20200131102747.0 | ||
| 008 | 181216s2006||||fr |||||||||||||| ||fre|| | ||
| 020 | _a9782011554420 | ||
| 040 | _c | ||
| 041 | _afre | ||
| 080 | _a811.133.1 A-44 | ||
| 100 |
_aBerthet, Annie. _96558 |
||
| 245 |
_aAlter Ego. A2. _bMethode de Frangais.2 / _cAnnie. Berthet ; Catherine Hugot. |
||
| 260 |
_bParis : _aHachette, _c2006. |
||
| 300 |
_a192 .:. _b ill .; _c28 cm. |
||
| 300 | _e+CD eleve | ||
| 653 | _aAlter Ego. A2.Methode de Frangais.2 | ||
| 653 | _aფრანგული ენა | ||
| 653 | _aგრამატიკა | ||
| 700 |
_aHugot, Catherine _96550 |
||
| 942 |
_cBK _2udc |
||